Culture Générale - Série 1585 - Statistiques

Statistiques générales
  • Ce quiz a été pris 139 fois
  • Le résultat moyen est 6 sur 10
Statistiques - réponses
Question Réponse % Correct
Quel oiseau palmipède, "vilain" et "petit" dans le titre d'un conte d'Andersen, peut être "colvert" ? canard
100%
Complétez la comptine du jeu de la barbichette : "je te tiens, tu me tiens, par la barbichette, le premier de nous deux qui rira aura une ... tapette
97%
Dans quel sport de combat présent aux jeux Olympiques peut-on faire la "planchette japonaise" ? judo
73%
A quel ancien leader du groupe Téléphone doit-on le titre "Juste une illusion", en 1986 ? Jean-Louis Aubert
70%
Le vaccin bilié de Calmette et Guérin, le plus souvent dénommé vaccin BCG, est un vaccin contre la ... tuberculose
67%
Quel écrivain français est l'auteur du roman "La Faute de l'abbé Mouret", publié en 1875 ? Émile Zola
46%
Dans les films "La Vérité si je mens" (1 et 2), quel acteur incarne le goy Eddie Vuibert ? Richard Anconina
46%
Quel personnage distingué et flegmatique forme, avec Emma Peel, le tandem de "Chapeau melon et bottes de cuir" ? John Steed
43%
Dans les années 1960, quel Claude présenta à la télévision "Le théâtre de la jeunesse" ? Claude Santelli
7%
Quel nom porte le chat de Ma Dalton ? Sweetie
7%
Aucun quiz correspondant
Distribution des résultats
% des personnes avec chaque résultat
Percentile par nombre de réponses
Votre historique - résultats
Vous n’avez pas pris ce quiz